| 000 | 01158nkm a2200265 i 4500 | ||
|---|---|---|---|
| 001 | 4474 | ||
| 003 | ES-MaACL | ||
| 005 | 20250713063046.0 | ||
| 007 | khrbo | ||
| 008 | 070712s1988 sp --- g |001||spa d | ||
| 100 | 0 |
_aAlfonso, _d1902-1990 _919858 |
|
| 245 | 1 | 0 |
_aConcierto de canto y guitarra por Pilar de los Angeles y Carmen Bonafont [ _hFotografía] / _cAlfonso (sello). |
| 260 |
_a[S.l. : _bs.n.], _c1988. |
||
| 300 |
_a2 fot. : _bb. y n. ; _c12 x 18 cm. |
||
| 500 | _aDatos basados en invitación. | ||
| 511 | 0 | _aIntervienen: Pilar de los Angeles (soprano), Carmen Bonafont (guitarra) | |
| 518 | _aActo organizado por la Sección de Música del Ateneo de Madrid, celebrado en el salón de actos el viernes, 4 de noviembre de 1988, a las 20:00 h. | ||
| 600 | 1 | 4 |
_aAngeles Ruiz, Pilar de los. _921714 |
| 600 | 1 | 4 |
_aBonafont, Carmen. _930062 |
| 610 | 2 | 4 |
_aAteneo de Madrid- _xActos culturales- _y1988- _vFotografías. _91903 |
| 710 | 2 |
_aAteneo de Madrid. _bSección de Música. _92004 |
|
| 852 |
_aES-MaACL _jFOT 287/1988 |
||
| 856 | 4 |
_uhttp://www.ateneodemadrid.net/biblioteca_digital/imagenes/1988/0287-1988.jpg _zVer imagen |
|
| 999 |
_c4474 _d4474 |
||